| 000 | 00568nam a22001937a 4500 | ||
|---|---|---|---|
| 005 | 20251108171127.0 | ||
| 008 | 250721s1990 xx 000 0 ara d | ||
| 082 | 1 | 4 | _a216,8/ذهب |
| 100 | 1 | _aالذهبي، محمدبن أحمدبن عثمان | |
| 245 | 1 | 0 | _aكتاب الكبائر / |
| 264 | 1 |
_aبيروت : _bدار مكتبة الحياة، _c1990. |
|
| 300 | _a288ص. | ||
| 650 | 1 | 7 | _aالكبائر |
| 650 | 1 | 7 | _aالجريمة |
| 650 | 1 | 7 | _aالحدود (شريعة إسلامية ) |
| 650 | 1 | 7 | _aالإسلام |
| 942 |
_2ddc _cBK |
||
| 999 |
_c57311 _d57311 |
||